|
|
|
|
| LEADER |
02653nam a2200733 4500 |
| 001 |
ocn864382675 |
| 003 |
OCoLC |
| 005 |
20170124071700.3 |
| 006 |
m o d |
| 007 |
cr |n||||||||| |
| 008 |
131129s2013 gw ob 001 0 eng d |
| 040 |
|
|
|a IDEBK
|b eng
|e pn
|c IDEBK
|d EBLCP
|d DG1
|d COO
|d OCLCF
|d OCLCQ
|d YDXCP
|d N$T
|d CDX
|d RECBK
|d E7B
|d DEBSZ
|d OCLCQ
|d S4S
|d DG1
|d GrThAP
|
| 019 |
|
|
|a 868701446
|a 879518294
|a 911067580
|a 961624189
|a 962571209
|
| 020 |
|
|
|a 9783527654147
|q (electronic bk.)
|
| 020 |
|
|
|a 3527654143
|q (electronic bk.)
|
| 020 |
|
|
|a 1306156246
|q (electronic bk.)
|
| 020 |
|
|
|a 9781306156240
|q (electronic bk.)
|
| 020 |
|
|
|a 3527327932
|
| 020 |
|
|
|a 9783527327935
|
| 020 |
|
|
|a 9783527654178
|q (electronic bk.)
|
| 020 |
|
|
|a 3527654178
|q (electronic bk.)
|
| 020 |
|
|
|z 9783527327935
|
| 020 |
|
|
|a 9783527654161
|
| 020 |
|
|
|a 352765416X
|
| 020 |
|
|
|a 9783527654154
|
| 020 |
|
|
|a 3527654151
|
| 029 |
1 |
|
|a AU@
|b 000052923923
|
| 029 |
1 |
|
|a CHBIS
|b 010441927
|
| 029 |
1 |
|
|a CHVBK
|b 334088283
|
| 029 |
1 |
|
|a DEBBG
|b BV041829471
|
| 029 |
1 |
|
|a DEBSZ
|b 431570167
|
| 029 |
1 |
|
|a DEBSZ
|b 449399664
|
| 029 |
1 |
|
|a NZ1
|b 15495736
|
| 035 |
|
|
|a (OCoLC)864382675
|z (OCoLC)868701446
|z (OCoLC)879518294
|z (OCoLC)911067580
|z (OCoLC)961624189
|z (OCoLC)962571209
|
| 037 |
|
|
|a 546875
|b MIL
|
| 050 |
|
4 |
|a TA418.9.C6
|
| 050 |
|
4 |
|a TP1092
|
| 072 |
|
7 |
|a TEC
|x 009000
|2 bisacsh
|
| 072 |
|
7 |
|a TEC
|x 035000
|2 bisacsh
|
| 082 |
0 |
4 |
|a 620.1/9204296
|2 23
|
| 082 |
0 |
4 |
|a 668.9
|
| 049 |
|
|
|a MAIN
|
| 100 |
1 |
|
|a Bai, Yu.
|
| 245 |
1 |
0 |
|a High temperature performance of polymer composites /
|c Yu Bai and Thomas Keller.
|
| 264 |
|
1 |
|a Weinheim :
|b Wiley-VCH,
|c 2013.
|
| 300 |
|
|
|a 1 online resource
|
| 336 |
|
|
|a text
|b txt
|2 rdacontent
|
| 337 |
|
|
|a computer
|b c
|2 rdamedia
|
| 338 |
|
|
|a online resource
|b cr
|2 rdacarrier
|
| 504 |
|
|
|a Includes bibliographical references and index.
|
| 588 |
0 |
|
|a Print version record.
|
| 650 |
|
0 |
|a Polymeric composites
|x Thermal properties.
|
| 650 |
|
0 |
|a Fibrous composites
|x Thermal properties.
|
| 650 |
|
0 |
|a Polymers
|x Thermal properties.
|
| 650 |
|
7 |
|a TECHNOLOGY & ENGINEERING
|x Engineering (General)
|2 bisacsh
|
| 650 |
|
7 |
|a TECHNOLOGY & ENGINEERING
|x Reference.
|2 bisacsh
|
| 650 |
|
7 |
|a Fibrous composites
|x Thermal properties.
|2 fast
|0 (OCoLC)fst00923698
|
| 650 |
|
7 |
|a Polymeric composites
|x Thermal properties.
|2 fast
|0 (OCoLC)fst01070572
|
| 650 |
|
7 |
|a Polymers
|x Thermal properties.
|2 fast
|0 (OCoLC)fst01070655
|
| 655 |
|
4 |
|a Electronic books.
|
| 700 |
1 |
|
|a Keller, Thomas,
|d 1959-
|
| 776 |
0 |
8 |
|i Print version:
|z 9781306156240
|
| 856 |
4 |
0 |
|u https://doi.org/10.1002/9783527654147
|z Full Text via HEAL-Link
|
| 994 |
|
|
|a 92
|b DG1
|